[Event "Werther Schloss op-D 12th"]
[Site "Werther"]
[Date "2006.04.07"]
[Round "1"]
[White "Hannemann, Frank"]
[Black "Burak, San"]
[Result "1-0"]
[WhiteElo "1389"]
[BlackElo "1266"]
[PlyCount "73"]
[EventDate "2006.04.07"]
[EventType "swiss"]
[EventRounds "5"]
[EventCountry "GER"]
[SourceTitle "EXT 2008"]
[Source "ChessBase"]
[SourceDate "2007.11.25"]
[SourceVersion "1"]
[SourceVersionDate "2007.11.25"]
[SourceQuality "1"]

1. e4 e5 2. Nf3 Nc6 3. Bc4 Nf6 4. Nc3 h6 5. d4 exd4 6. Nxd4 Nxd4 7. Qxd4 Bb4 8. Bxf7+ Kxf7 9. Qxb4 Re8 10. 0-0 b6 11. Re1 Bb7 12. e5 Nd5 13. Nxd5 Bxd5 14. f4 c5 15. Qd2 Bc6 16. b3 Qh4 17. Bb2 Re7 18. Re3 Rae8 19. Rg3 Kg8 20. Qf2 Rf8 21. Rxg7+ Rxg7 22. Qxh4 Rxg2+ 23. Kf1 Rxc2 24. Qg4+ Kh7 25. Bc1 Rg2 26. Qxg2 Bxg2+ 27. Kxg2 Kg6 28. Kf3 Kh5 29. Be3 Rg8 30. Rd1 Rg7 31. Rd6 Rf7 32. Ke4 Rg7 33. Kf5 Rf7+ 34. Rf6 Rg7 35. Ke4 Rg2 36. f5 Rxh2 37. Rxh6+ 1-0

[Event "Werther Schloss op-C 10th"]
[Site "Werther"]
[Date "2004.04.04"]
[Round "5"]
[White "Burak, San"]
[Black "Langhanke, Gerald"]
[Result "1-0"]
[WhiteElo "1270"]
[BlackElo "1358"]
[PlyCount "137"]
[EventDate "2004.04.02"]
[EventType "swiss"]
[EventRounds "5"]
[EventCountry "GER"]
[SourceTitle "EXT 2006"]
[Source "ChessBase"]
[SourceDate "2005.11.24"]
[SourceVersion "1"]
[SourceVersionDate "2005.11.24"]
[SourceQuality "1"]

1. d4 Nf6 2. c4 g6 3. Nc3 d5 4. Nf3 Bg7 5. Bf4 0-0 6. e3 a6 7. a4 Be6 8. Qb3 b6 9. h3 Nc6 10. Ne5 Na5 11. Qa2 c5 12. b3 dxc4 13. Bxc4 Nxc4 14. Nxc4 Bxc4 15. bxc4 cxd4 16. Ne2 dxe3 17. Bxe3 Ne4 18. Rd1 Qc7 19. 0-0 b5 20. Rc1 Qb7 21. Bd4 Bxd4 22. Nxd4 Rfd8 23. Nf3 Rac8 24. Rfe1 bxc4 25. Rxc4 Qd5 26. Rxc8 Qxa2 27. Rxd8+ Kg7 28. Rxe4 Qa1+ 29. Kh2 Qf6 30. Rd7 e6 31. Rd6 Qf5 32. Rc4 a5 33. Ra6 Qd3 34. Rac6 Qd8 35. R6c5 Qd6+ 36. g3 Qd1 37. Kg2 Qb3 38. h4 h5 39. Ne5 Qb7+ 40. Nc6 Qa6 41. Rb5 Kh7 42. Nxa5 Qa8+ 43. Nc6 Kg7 44. a5 Qa6 45. Rcc5 Kh7 46. Rb6 Qd3 47. Ne5 Qe4+ 48. Nf3 Qa8 49. a6 Qa7 50. Rcc6 Kg7 51. Rb7 Qa8 52. Rcb6 Kf6 53. a7 Kg7 54. Nd4 Kf6 55. Nb5 Kg7 56. Kg1 Qd8 57. Rb8 Qd1+ 58. Kh2 Qe2 59. a8Q Qxf2+ 60. Qg2 Qf6 61. Nd6 Kh7 62. R8b7 Kh6 63. Rxf7 Qd8 64. Qd2+ g5 65. Qxg5+ Qxg5 66. hxg5+ Kxg5 67. Rb8 e5 68. Rg8+ Kh6 69. Nf5# 1-0